[Event "CAN-ch U20 op"]
[Site "Toronto CAN"]
[Date "2018.08.10"]
[Round "4.2"]
[White "Zheng, Kevin"]
[Black "Zhong, Kevin"]
[Result "0-1"]
[WhiteElo "1966"]
[BlackElo "2016"]
[PlyCount "134"]
[EventDate "2018.08.08"]
[EventType "swiss"]
[EventRounds "9"]
[EventCountry "CAN"]

1. d4 d5 2. c4 c6 3. e3 e6 4. Nf3 f5 5. Nbd2 Nf6 6. Bd3 Bd6 7. b3 O-O 8. Bb2
Nbd7 9. O-O Ne4 10. Ne5 Qf6 11. Ndf3 Nb8 12. c5 Bc7 13. b4 g5 14. a4 g4 15. Ne1
Qg5 16. g3 Qh6 17. Bxe4 dxe4 18. Ng2 Nd7 19. Qc2 Nf6 20. b5 Bxe5 21. dxe5 Nd5
22. Rfd1 Bd7 23. Qb3 Rfd8 24. Nf4 Re8 25. Rd2 Rad8 26. Rad1 Re7 27. Bc3 Kf7 28.
a5 Rb8 29. Qa3 a6 30. bxa6 bxa6 31. Rb2 Rxb2 32. Qxb2 Qf8 33. Bd4 Bc8 34. Qe2
Nxf4 35. gxf4 Rd7 36. Qc4 Bb7 37. Rb1 h5 38. Rb6 Qc8 39. Qf1 Qg8 40. Qb1 Qc8
41. Kg2 Ke8 42. h3 Rh7 43. Kh2 Qd7 44. Qh1 Qe7 45. Qg2 Rg7 46. Rb2 gxh3 47.
Qxh3 Rg4 48. Qxh5+ Kd8 49. Qh8+ Kc7 50. Kh3 Rg7 51. Rb1 Rh7+ 52. Qxh7 Qxh7+ 53.
Kg2 Qh5 54. Kg1 Bc8 55. Kg2 Qf3+ 56. Kg1 Bd7 57. Rb6 Be8 58. Rxa6 Bh5 59. Ra7+
Kb8 60. Re7 Bg4 61. Rxe6 Qd1+ 62. Kh2 Bf3 63. Re8+ Kb7 64. Re7+ Ka6 65. Kh3
Qh1+ 66. Kg3 Qg2+ 67. Kh4 Qg4# 0-1

[Event "CAN-ch U20 op"]
[Site "Toronto CAN"]
[Date "2018.08.10"]
[Round "4.3"]
[White "Li, Eric M"]
[Black "Xu, Jeffrey"]
[Result "0-1"]
[WhiteElo "2037"]
[BlackElo "2221"]
[PlyCount "96"]
[EventDate "2018.08.08"]
[EventType "swiss"]
[EventRounds "9"]
[EventCountry "CAN"]

1. d4 Nf6 2. Bf4 e6 3. e3 d5 4. Nf3 Bd6 5. Bg3 O-O 6. Nbd2 c5 7. c3 b6 8. Bd3
Nc6 9. O-O Bb7 10. Ne5 Qc7 11. f4 Ne7 12. Qb1 g6 13. Qe1 Nf5 14. Bf2 Rac8 15.
g4 Bxe5 16. gxf5 Bd6 17. fxe6 fxe6 18. Bg3 Qd7 19. Nf3 Qg7 20. Rc1 a6 21. Bb1
Ng4 22. h3 Nh6 23. Ne5 Nf5 24. h4 Rc7 25. Rc2 Qh6 26. Re2 Qh5 27. Bxf5 Qxf5 28.
Rh2 Qe4 29. Qe2 Bxe5 30. fxe5 Rxf1+ 31. Kxf1 Rf7+ 32. Bf4 cxd4 33. cxd4 Rc7 34.
Qe1 a5 35. Kg1 Ba6 36. Rg2 Bd3 37. h5 Qf3 38. Qh4 Rc8 39. hxg6 hxg6 40. Qh6 Rc7
41. Qh4 Qf1+ 42. Kh2 Rh7 43. Bh6 Rf7 44. Qd8+ Kh7 45. Qh4 Be4 46. Bf4+ Kg8 47.
Rf2 Qh1+ 48. Kg3 Qg1+ 0-1

[Event "CAN-ch U20 op"]
[Site "Toronto CAN"]
[Date "2018.08.10"]
[Round "4.4"]
[White "Zhao, Harry"]
[Black "Ajith, Aayush"]
[Result "1-0"]
[WhiteElo "2203"]
[BlackElo "1934"]
[PlyCount "49"]
[EventDate "2018.08.08"]
[EventType "swiss"]
[EventRounds "9"]
[EventCountry "CAN"]

1. d4 Nf6 2. Nf3 g6 3. Nbd2 d5 4. e3 Bg7 5. b4 O-O 6. c4 c6 7. a4 Nbd7 8. Be2
Ne4 9. Bb2 f5 10. Qb3 Ndf6 11. O-O a5 12. b5 Be6 13. Ba3 Rc8 14. Rfc1 h6 15.
Nxe4 Nxe4 16. bxc6 bxc6 17. Qb7 c5 18. Rab1 Rc7 19. Qb6 Qd7 20. cxd5 Bxd5 21.
Bxc5 Nxc5 22. dxc5 Rf6 23. Qxa5 Ra7 24. Qd2 Rxa4 25. Bb5 1-0

[Event "CAN-ch U20 op"]
[Site "Toronto CAN"]
[Date "2018.08.10"]
[Round "4.5"]
[White "Xu, Daniel"]
[Black "Bremner, William"]
[Result "1/2-1/2"]
[WhiteElo "2095"]
[BlackElo "2198"]
[PlyCount "73"]
[EventDate "2018.08.08"]
[EventType "swiss"]
[EventRounds "9"]
[EventCountry "CAN"]

1. d4 Nf6 2. c4 e6 3. Nf3 d5 4. Nc3 Be7 5. Bg5 O-O 6. e3 h6 7. Bh4 Ne4 8. Bxe7
Qxe7 9. Rc1 Nxc3 10. Rxc3 c6 11. Bd3 Nd7 12. O-O Rd8 13. e4 dxe4 14. Bxe4 Nf6
15. Bb1 b6 16. Qe2 Bb7 17. Re1 Qc7 18. Qe5 Rac8 19. Nh4 c5 20. Qxc7 Rxc7 21.
dxc5 Rd4 22. cxb6 axb6 23. Nf3 Bxf3 24. Rxf3 Rdxc4 25. Rd3 Kf8 26. f3 Nd5 27.
a3 Rc1 28. Rdd1 Rxd1 29. Rxd1 Ke7 30. Kf2 Kd6 31. g3 b5 32. Ke2 Rc4 33. Bd3 Rc5
34. Kd2 b4 35. Rc1 Ra5 36. axb4 Nxb4 37. Rc4 1/2-1/2

[Event "CAN-ch U20 op"]
[Site "Toronto CAN"]
[Date "2018.08.10"]
[Round "4.6"]
[White "Zhang, Henry"]
[Black "Li, William"]
[Result "1/2-1/2"]
[WhiteElo "2194"]
[BlackElo "2192"]
[PlyCount "77"]
[EventDate "2018.08.08"]
[EventType "swiss"]
[EventRounds "9"]
[EventCountry "CAN"]

1. e4 g6 2. d4 Nf6 3. e5 Nh5 4. Nc3 d6 5. Be3 Ng7 6. f4 Nf5 7. Bf2 h5 8. Nf3
Bh6 9. g3 O-O 10. Bg2 Nd7 11. O-O c5 12. dxc5 dxe5 13. fxe5 Ne3 14. Qc1 Ng4 15.
Qe1 Nxf2 16. Qxf2 Qc7 17. Nd5 Qxc5 18. Qxc5 Nxc5 19. Nxe7+ Kg7 20. Nxc8 Raxc8
21. Bh3 Rcd8 22. Rfd1 Na4 23. Kf2 b6 24. b3 Nc3 25. Rd3 Rxd3 26. cxd3 Rd8 27.
d4 Nb5 28. Rd1 Nc3 29. Ra1 Nb5 30. Rd1 Nc3 31. Re1 Nb5 32. e6 fxe6 33. Rxe6
Nxd4 34. Re7+ Kf6 35. Rxa7 Nxf3 36. Kxf3 Bf8 37. Bd7 Ke5 38. Rb7 Bc5 39. Ke2
1/2-1/2

[Event "CAN-ch U20 op"]
[Site "Toronto CAN"]
[Date "2018.08.10"]
[Round "4.7"]
[White "Zhao, Jeffrey Renfei"]
[Black "Gao, Raymond"]
[Result "0-1"]
[WhiteElo "2002"]
[BlackElo "1736"]
[PlyCount "156"]
[EventDate "2018.08.08"]
[EventType "swiss"]
[EventRounds "9"]
[EventCountry "CAN"]

1. e4 c5 2. Nf3 d6 3. d4 cxd4 4. Nxd4 Nf6 5. Nc3 a6 6. Be3 e5 7. Nb3 Be6 8. Be2
Be7 9. O-O Nbd7 10. f4 exf4 11. Bxf4 Ne5 12. Qe1 O-O 13. Qg3 Qc7 14. Rad1 b5
15. Bg5 Kh8 16. Nd4 b4 17. Nd5 Bxd5 18. exd5 Ne4 19. Qe3 Nxg5 20. h4 h6 21.
hxg5 Bxg5 22. Qg3 a5 23. Rf5 g6 24. Rf2 Kg7 25. Rdf1 Qc5 26. Rd1 a4 27. Kh1 a3
28. b3 Rac8 29. Nb5 Qe3 30. Qxe3 Bxe3 31. Rff1 Rxc2 32. Bd3 Nxd3 33. Rxd3 Bc5
34. Nd4 Bxd4 35. Rxd4 Re8 36. Rxb4 Ree2 37. Ra4 Rxg2 38. Ra1 Rxa2 39. Rxa3
Rxa1+ 40. Rxa1 Rd2 41. Ra5 Rd4 42. b4 Kf6 43. Rb5 Ke5 44. Rb7 Kxd5 45. Rxf7
Rxb4 46. Kg2 h5 47. Kf3 Rg4 48. Ra7 g5 49. Ra5+ Ke6 50. Rb5 Rf4+ 51. Ke3 h4 52.
Rxg5 Ra4 53. Rh5 Kd7 54. Kd2 Kc6 55. Kc3 Rg4 56. Kd2 d5 57. Rh8 Kc5 58. Rc8+
Kd4 59. Rh8 Kc5 60. Rc8+ Kd4 61. Rh8 Rg2+ 62. Ke1 Rh2 63. Kf1 Kd3 64. Kg1 Rh3
65. Kg2 Rg3+ 66. Kf2 Rg4 67. Ra8 d4 68. Ra3+ Ke4 69. Ra8 h3 70. Re8+ Kd3 71.
Rh8 Rg2+ 72. Kf1 Rg3 73. Kf2 Re3 74. Kf1 Kc2 75. Ra8 d3 76. Ra2+ Kb3 77. Ra1 d2
78. Kf2 Re1 0-1

[Event "CAN-ch U20 op"]
[Site "Toronto CAN"]
[Date "2018.08.10"]
[Round "4.8"]
[White "Rusonik, Max"]
[Black "Huang, Youhe"]
[Result "1/2-1/2"]
[WhiteElo "1970"]
[BlackElo "1909"]
[PlyCount "78"]
[EventDate "2018.08.08"]
[EventType "swiss"]
[EventRounds "9"]
[EventCountry "CAN"]

1. e4 d6 2. d4 Nf6 3. Nc3 e5 4. dxe5 dxe5 5. Qxd8+ Kxd8 6. Bc4 Bb4 7. f3 Ke7 8.
Be3 Rd8 9. Nge2 Nbd7 10. O-O-O c6 11. a4 Bc5 12. Bxc5+ Nxc5 13. Rxd8 Kxd8 14.
Bxf7 Ne6 15. Kd2 Ke7 16. Bxe6 Bxe6 17. Ke3 h5 18. Nd1 b5 19. a5 Rb8 20. b4 c5
21. c3 cxb4 22. cxb4 Rc8 23. Nb2 Rc2 24. Nd3 Bc4 25. Rc1 Ra2 26. Rb1 Ne8 27.
Rb2 Ra3 28. Nec1 Nd6 29. Rc2 Kf6 30. Kd2 g5 31. Rc3 Ra4 32. Kc2 g4 33. Kb2 Bxd3
34. Nxd3 Nc4+ 35. Kb1 gxf3 36. gxf3 Nd2+ 37. Kb2 Nc4+ 38. Kb1 Nd2+ 39. Kb2 Nc4+
1/2-1/2

[Event "CAN-ch U20 op"]
[Site "Toronto CAN"]
[Date "2018.08.10"]
[Round "4.9"]
[White "James, Rowan"]
[Black "Qiao, Joey"]
[Result "1/2-1/2"]
[WhiteElo "1904"]
[BlackElo "1742"]
[PlyCount "84"]
[EventDate "2018.08.08"]
[EventType "swiss"]
[EventRounds "9"]
[EventCountry "CAN"]

1. e4 e5 2. Nf3 Nc6 3. Nc3 Nf6 4. a3 a6 5. d4 exd4 6. Nxd4 d6 7. Bc4 Be7 8. O-O
O-O 9. Re1 Nxd4 10. Qxd4 b5 11. Ba2 Bb7 12. Nd5 Nxd5 13. Bxd5 Bxd5 14. Qxd5 Bf6
15. c3 Re8 16. Bf4 Be5 17. Be3 Qf6 18. Rad1 Rec8 19. Qc6 Qe6 20. f4 Bf6 21. Bd4
Bxd4+ 22. Rxd4 Qe8 23. Qd5 Rd8 24. Rdd1 Rab8 25. Qd3 Qc6 26. Re2 Re8 27. Kf2
Re7 28. Rdd2 Rbe8 29. Qd5 Qb6+ 30. Qd4 Qc6 31. Qd5 Qb6+ 32. Kf3 Re6 33. e5 dxe5
34. Rxe5 Rxe5 35. fxe5 Kf8 36. Rd4 Qe6 37. Qxe6 Rxe6 38. Rd7 Rc6 39. Ke4 Ke8
40. Rd4 Ke7 41. Kd5 Re6 42. c4 Rg6 1/2-1/2

[Event "CAN-ch U20 op"]
[Site "Toronto CAN"]
[Date "2018.08.10"]
[Round "4.10"]
[White "Adamo, Brendan"]
[Black "Uthayakumar, Ronan"]
[Result "1/2-1/2"]
[WhiteElo "1821"]
[BlackElo "1854"]
[PlyCount "110"]
[EventDate "2018.08.08"]
[EventType "swiss"]
[EventRounds "9"]
[EventCountry "CAN"]

1. e4 c5 2. Nc3 g6 3. f4 d6 4. Bb5+ Bd7 5. Bxd7+ Qxd7 6. d3 Bg7 7. Nf3 Nf6 8.
O-O Nc6 9. a3 e6 10. Qe1 h6 11. f5 gxf5 12. exf5 O-O-O 13. fxe6 fxe6 14. Be3
Nd5 15. Bf2 h5 16. Rb1 Rdf8 17. Ne4 Ne5 18. Nxe5 Bxe5 19. b4 cxb4 20. axb4 Rfg8
21. g3 h4 22. c3 hxg3 23. Bxg3 Bxg3 24. Nxg3 e5 25. Rb2 Nf4 26. Qe3 Qh3 27. d4
Nh5 28. Rf3 e4 29. Qxe4 Nxg3 30. Rxg3 Rxg3+ 31. hxg3 Qxg3+ 32. Rg2 Qh3 33. Qe7
Qxc3 34. Qe6+ Kb8 35. Qxd6+ Ka8 36. Qe5 Qc1+ 37. Kf2 Qd2+ 38. Kg1 Qd1+ 39. Kf2
Qd2+ 40. Kg1 Qd1+ 41. Kf2 Rf8+ 42. Kg3 Rg8+ 43. Kh2 Rxg2+ 44. Kxg2 Qd2+ 45. Kf3
a6 46. Qc5 Qd3+ 47. Kf4 Qd2+ 48. Kf5 Qh6 49. d5 Kb8 50. d6 Qh5+ 51. Ke6 Qe8+
52. Kd5 Qh5+ 53. Kd4 Qh4+ 54. Kd5 Qh5+ 55. Ke6 Qe8+ 1/2-1/2

[Event "CAN-ch U20 op"]
[Site "Toronto CAN"]
[Date "2018.08.10"]
[Round "4.11"]
[White "Li, Kevin"]
[Black "Zhao, Jeffrey R"]
[Result "0-1"]
[WhiteElo "1706"]
[BlackElo "2017"]
[PlyCount "80"]
[EventDate "2018.08.08"]
[EventType "swiss"]
[EventRounds "9"]
[EventCountry "CAN"]

1. e4 c5 2. Nf3 d6 3. d4 cxd4 4. Nxd4 Nf6 5. Nc3 a6 6. Bg5 e6 7. f4 Be7 8. Qf3
Qc7 9. O-O-O Nbd7 10. g4 b5 11. Bxf6 Nxf6 12. g5 Nd7 13. a3 Rb8 14. Bh3 Nc5 15.
f5 Bxg5+ 16. Kb1 O-O 17. Rhg1 Bf6 18. Nde2 b4 19. axb4 Rxb4 20. Ng3 Qb6 21. Nh5
Rxb2+ 22. Kc1 Bxc3 23. Rxg7+ Bxg7 24. Nxg7 Rb1+ 25. Kd2 Rxd1+ 26. Kxd1 Kxg7 27.
Qg4+ Kh8 28. Qh4 Qd8 29. Qh6 Nxe4 30. Bg2 exf5 31. Bxe4 fxe4 32. Kd2 Qe7 33. h4
e3+ 34. Ke1 Rg8 35. h5 e2 36. Qd2 Rg1+ 37. Kf2 e1=Q+ 38. Qxe1 Qxe1+ 39. Kf3
Rg3+ 40. Kf4 Qe3# 0-1

[Event "CAN-ch U20 op"]
[Site "Toronto CAN"]
[Date "2018.08.10"]
[Round "5.1"]
[White "Xu, Jeffrey"]
[Black "Jiang, Brian"]
[Result "1-0"]
[WhiteElo "2221"]
[BlackElo "2094"]
[PlyCount "134"]
[EventDate "2018.08.08"]
[EventType "swiss"]
[EventRounds "9"]
[EventCountry "CAN"]

1. e4 c5 2. Nf3 Nc6 3. Bb5 e6 4. Bxc6 bxc6 5. O-O Ne7 6. b3 Ng6 7. Bb2 f6 8. e5
Be7 9. d3 O-O 10. Nbd2 fxe5 11. Nxe5 Nxe5 12. Bxe5 d6 13. Bg3 e5 14. Qe2 Bf5
15. Rae1 Bf6 16. Ne4 Qd7 17. Qd2 Bxe4 18. dxe4 Qe6 19. Rd1 Rfd8 20. Rfe1 c4 21.
Qc3 cxb3 22. axb3 Rac8 23. Ra1 Rd7 24. Ra6 h5 25. h4 Rdc7 26. Rd1 Qe7 27. Qc4+
Kh8 28. Qe2 g6 29. Qe3 Kg7 30. Rda1 Bxh4 31. Bxh4 Qxh4 32. Rxa7 Qf4 33. Qd3 Qf6
34. b4 h4 35. Qh3 Kh6 36. R7a3 Kg7 37. Rf3 Qe7 38. Qg4 Rh8 39. c4 Rb8 40. c5
dxc5 41. bxc5 Rcb7 42. Rd1 Rb1 43. Rfd3 Rxd1+ 44. Rxd1 Rd8 45. Rb1 Rd7 46. Rb3
Rb7 47. Rb6 Rc7 48. Rb8 Qxc5 49. Qxh4 Qc1+ 50. Kh2 Qf4+ 51. Qxf4 exf4 52. Kh3
c5 53. Kg4 c4 54. Rb2 c3 55. Rc2 Kf6 56. Kxf4 Rc5 57. Ke3 g5 58. Kd4 Ra5 59.
Rxc3 Ra4+ 60. Ke3 Ra1 61. Rc6+ Ke5 62. Rc5+ Kf6 63. Rf5+ Kg6 64. Kf3 Re1 65.
Rd5 Kf6 66. Rd6+ Ke5 67. Rg6 Re3+ 1-0

[Event "CAN-ch U20 op"]
[Site "Toronto CAN"]
[Date "2018.08.10"]
[Round "5.2"]
[White "Singh, Malhar"]
[Black "Zhao, Harry"]
[Result "0-1"]
[WhiteElo "1825"]
[BlackElo "2203"]
[PlyCount "80"]
[EventDate "2018.08.08"]
[EventType "swiss"]
[EventRounds "9"]
[EventCountry "CAN"]

1. d4 d5 2. c4 c6 3. Nc3 Nf6 4. Bg5 e6 5. f3 Be7 6. e4 Nxe4 7. fxe4 Bxg5 8. Nf3
dxe4 9. Nxe4 Be7 10. Bd3 O-O 11. O-O f5 12. Ng3 c5 13. d5 Bf6 14. Qc2 Na6 15.
a3 g6 16. Rad1 e5 17. Be2 e4 18. Nd2 Qd6 19. Nb1 Bd4+ 20. Kh1 Be5 21. Nc3 Bd7
22. Nb5 Qe7 23. d6 Qh4 24. Kg1 Bc6 25. b4 cxb4 26. axb4 Nxb4 27. Qb3 a5 28. Nc7
Rac8 29. c5+ Kh8 30. Ne6 Rg8 31. d7 Rcd8 32. Nxd8 Rxd8 33. Qe6 Qf6 34. Bc4 Qxe6
35. Bxe6 Nd3 36. Nxf5 gxf5 37. Rxf5 Bxd7 38. Bxd7 Rxd7 39. Rf8+ Kg7 40. Ra8
Bd4+ 0-1

[Event "CAN-ch U20 op"]
[Site "Toronto CAN"]
[Date "2018.08.10"]
[Round "5.4"]
[White "Li, William"]
[Black "Xu, Daniel"]
[Result "0-1"]
[WhiteElo "2192"]
[BlackElo "2095"]
[PlyCount "38"]
[EventDate "2018.08.08"]
[EventType "swiss"]
[EventRounds "9"]
[EventCountry "CAN"]

1. e4 e5 2. Nf3 Nc6 3. Bc4 Bc5 4. O-O Nf6 5. d4 Bxd4 6. Nxd4 Nxd4 7. Bg5 h6 8.
Bh4 g5 9. f4 d5 10. exd5 Nf5 11. Bf2 gxf4 12. Re1 Qe7 13. Nc3 Rg8 14. Bb5+ Kf8
15. Be2 e4 16. Bd4 Nh4 17. Bf1 e3 18. Kh1 Ng4 19. Re2 Nxh2 0-1

[Event "CAN-ch U20 op"]
[Site "Toronto CAN"]
[Date "2018.08.10"]
[Round "5.5"]
[White "Gao, Raymond"]
[Black "Li, Eric M"]
[Result "1/2-1/2"]
[WhiteElo "1736"]
[BlackElo "2037"]
[PlyCount "66"]
[EventDate "2018.08.08"]
[EventType "swiss"]
[EventRounds "9"]
[EventCountry "CAN"]

1. e4 c5 2. Nf3 e6 3. d4 cxd4 4. Nxd4 a6 5. Nc3 b5 6. a3 Bb7 7. Be3 Nf6 8. f3
Nc6 9. Be2 d5 10. exd5 Nxd5 11. Nxd5 Qxd5 12. Nxc6 Qxc6 13. Bd3 Rd8 14. Qe2 Bd6
15. Be4 Qc7 16. Bxb7 Qxb7 17. O-O O-O 18. Rad1 Qc7 19. g3 Rd7 20. Rd2 Rfd8 21.
Rfd1 Be5 22. c3 Bf6 23. Kf2 g6 24. Rd3 h5 25. Kg2 Qc4 26. b3 Qc6 27. Rxd7 Rxd7
28. Rxd7 Qxd7 29. c4 bxc4 30. Qxc4 Qd6 31. a4 Qe5 32. Bf2 Qa5 33. Qc5 Qd8
1/2-1/2

[Event "CAN-ch U20 op"]
[Site "Toronto CAN"]
[Date "2018.08.10"]
[Round "5.6"]
[White "Rusonik, Max"]
[Black "Ajith, Aayush"]
[Result "1-0"]
[WhiteElo "1970"]
[BlackElo "1934"]
[PlyCount "61"]
[EventDate "2018.08.08"]
[EventType "swiss"]
[EventRounds "9"]
[EventCountry "CAN"]

1. e4 c5 2. Nf3 d6 3. d4 cxd4 4. Nxd4 Nf6 5. Nc3 a6 6. Bg5 e6 7. Qe2 Be7 8. h4
Nbd7 9. O-O-O Qc7 10. g4 b5 11. a3 Bb7 12. Rh3 Rc8 13. Kb1 Nc5 14. Bg2 Qb6 15.
f4 b4 16. axb4 Qxb4 17. e5 Rb8 18. b3 dxe5 19. fxe5 Nfd7 20. Bxe7 Kxe7 21. Bxb7
Qxb7 22. Rf3 Nb6 23. Rdf1 Rhf8 24. Qe3 Ke8 25. Ndb5 axb5 26. Qxc5 Nd7 27. Qd6
Ra8 28. Rxf7 Rxf7 29. Qxe6+ Kd8 30. Qxf7 Qc6 31. e6 1-0

[Event "CAN-ch U20 op"]
[Site "Toronto CAN"]
[Date "2018.08.10"]
[Round "5.7"]
[White "Zhao, Jeffrey R"]
[Black "James, Rowan"]
[Result "1-0"]
[WhiteElo "2017"]
[BlackElo "1904"]
[PlyCount "81"]
[EventDate "2018.08.08"]
[EventType "swiss"]
[EventRounds "9"]
[EventCountry "CAN"]

1. e4 e5 2. Nf3 Nc6 3. Bc4 Nf6 4. d3 Be7 5. O-O O-O 6. c3 d5 7. exd5 Nxd5 8. h3
a6 9. Re1 Nb6 10. Nbd2 Bd6 11. Bb3 Bf5 12. Ne4 Bxe4 13. dxe4 Nd7 14. Qe2 Nc5
15. Bc2 a5 16. Be3 Qe7 17. Rad1 Ne6 18. Rd5 Qf6 19. Qb5 Ne7 20. Nxe5 Bxe5 21.
Rxe5 c6 22. Qxb7 Rab8 23. Rxe6 fxe6 24. Qd7 Rxb2 25. Bb3 Ng6 26. Bxe6+ Kh8 27.
Bd4 Ne5 28. Qd6 Re8 29. Qa3 Qxe6 30. Qxb2 Nd3 31. Qb7 Re7 32. Qb8+ Re8 33. Qc7
Re7 34. Qd8+ Re8 35. Bxg7+ Kxg7 36. Qxd3 Qxa2 37. Qd7+ Qf7 38. Qxc6 Re6 39. Qa4
Rg6 40. Qd4+ Kg8 41. Qd5 1-0

[Event "CAN-ch U20 op"]
[Site "Toronto CAN"]
[Date "2018.08.10"]
[Round "5.8"]
[White "Uthayakumar, Ronan"]
[Black "Zhao, Jeffrey Renfei"]
[Result "0-1"]
[WhiteElo "1854"]
[BlackElo "2002"]
[PlyCount "108"]
[EventDate "2018.08.08"]
[EventType "swiss"]
[EventRounds "9"]
[EventCountry "CAN"]

1. e4 e5 2. Nf3 Nc6 3. Bb5 a6 4. Ba4 Nf6 5. O-O Be7 6. Re1 b5 7. Bb3 O-O 8. c3
d6 9. h3 Na5 10. Bc2 c5 11. d4 Qc7 12. Nbd2 Bd7 13. d5 Nb7 14. Nf1 c4 15. Ng3
g6 16. a4 Nc5 17. axb5 axb5 18. Be3 Rfb8 19. Qe2 Bf8 20. Bxc5 Qxc5 21. Qd2 Bg7
22. Reb1 Ne8 23. Nh2 Nc7 24. Nhf1 Ra7 25. Qc1 Rba8 26. Rxa7 Qxa7 27. b3 Qa3 28.
Qxa3 Rxa3 29. Ne2 cxb3 30. Rxb3 Rxb3 31. Bxb3 Na6 32. Ne3 Nc5 33. Bc2 Bh6 34.
Nd1 Kf8 35. Kf1 Ke7 36. Ke1 f5 37. f3 Kf6 38. Nb2 fxe4 39. fxe4 Be3 40. c4 b4
41. Kd1 Kg5 42. Nc1 Bxc1 43. Kxc1 Kf4 44. Nd3+ Nxd3+ 45. Bxd3 Ke3 46. Bc2 Kd4
47. Kb2 Kxc4 48. Bb3+ Kd4 49. Bc2 Bb5 50. Kb3 Bd3 51. Bxd3 Kxd3 52. Kxb4 Kxe4
53. Kc4 Kf4 54. Kb5 e4 0-1

[Event "CAN-ch U20 op"]
[Site "Toronto CAN"]
[Date "2018.08.10"]
[Round "5.9"]
[White "Qiao, Joey"]
[Black "Adamo, Brendan"]
[Result "1/2-1/2"]
[WhiteElo "1742"]
[BlackElo "1821"]
[PlyCount "61"]
[EventDate "2018.08.08"]
[EventType "swiss"]
[EventRounds "9"]
[EventCountry "CAN"]

1. e4 c5 2. Nf3 d6 3. d4 cxd4 4. Nxd4 Nf6 5. Nc3 g6 6. Be2 Bg7 7. Be3 a6 8. O-O
O-O 9. Qd2 Nc6 10. Rfd1 Qc7 11. Rab1 Ne5 12. h3 Nc4 13. Bxc4 Qxc4 14. Qd3 Qc7
15. Nf3 b5 16. a3 Bb7 17. Bf4 Nd7 18. Nd5 Bxd5 19. exd5 Rac8 20. c3 Nb6 21. Nd2
Qb7 22. Ne4 Rfd8 23. Ng3 Rd7 24. Nf1 Rdc7 25. Ne3 Rc5 26. Rd2 Na4 27. Rbd1 R5c7
28. Rc2 Rc5 29. Rcd2 R5c7 30. Rc2 Rc5 31. Rcd2 1/2-1/2

[Event "CAN-ch U20 op"]
[Site "Toronto CAN"]
[Date "2018.08.10"]
[Round "5.10"]
[White "Liu, Harrison"]
[Black "Li, Kevin"]
[Result "0-1"]
[WhiteElo "1787"]
[BlackElo "1706"]
[PlyCount "48"]
[EventDate "2018.08.08"]
[EventType "swiss"]
[EventRounds "9"]
[EventCountry "CAN"]

1. e4 c5 2. Ne2 d6 3. g3 Nf6 4. Bg2 Nc6 5. c3 e6 6. d4 d5 7. exd5 exd5 8. O-O
h6 9. h3 cxd4 10. cxd4 Bd6 11. Nbc3 O-O 12. Be3 Ne7 13. Bf4 Ng6 14. Bxd6 Qxd6
15. Qb3 Be6 16. Rac1 Qd7 17. Nb5 Bxh3 18. Rc7 Qe6 19. Nc1 Bxg2 20. Kxg2 Ne4 21.
Re1 Qg4 22. Kh2 Nd2 23. Qd1 Nf3+ 24. Kg2 Nf4+ 0-1

[Event "CAN-ch U20 op"]
[Site "Toronto CAN"]
[Date "2018.08.11"]
[Round "6.1"]
[White "Zhong, Kevin"]
[Black "Xu, Jeffrey"]
[Result "0-1"]
[WhiteElo "2016"]
[BlackElo "2221"]
[PlyCount "88"]
[EventDate "2018.08.08"]
[EventType "swiss"]
[EventRounds "9"]
[EventCountry "CAN"]

1. e4 e6 2. d4 d5 3. Nd2 Nf6 4. e5 Nfd7 5. f4 c5 6. c3 Nc6 7. Ndf3 Qb6 8. g3
cxd4 9. cxd4 Bb4+ 10. Kf2 g5 11. fxg5 Ndxe5 12. Kg2 Nxf3 13. Nxf3 Bf8 14. b3
Bd7 15. Bb2 O-O-O 16. Rc1 Kb8 17. h4 h6 18. Qd2 hxg5 19. hxg5 Rxh1 20. Kxh1 Bd6
21. Kg2 Rh8 22. Qf2 Qd8 23. Bd3 f6 24. g6 f5 25. Rh1 Rxh1 26. Kxh1 Qf6 27. Nh4
Be8 28. g4 f4 29. Kg2 Ne7 30. Kf3 Nxg6 31. Nxg6 Bxg6 32. Qe2 Bxd3 33. Qxd3 Qh6
34. Qf1 Qh7 35. Kg2 Qc2+ 36. Qf2 f3+ 37. Kg1 Qb1+ 38. Qf1 Bh2+ 39. Kf2 Qxb2+
40. Kxf3 Qxd4 41. Kg2 Bd6 42. Qf7 Qxg4+ 43. Kh1 Qh3+ 44. Kg1 Bc5+ 0-1

[Event "CAN-ch U20 op"]
[Site "Toronto CAN"]
[Date "2018.08.11"]
[Round "6.2"]
[White "Zhao, Harry"]
[Black "Jiang, Brian"]
[Result "1-0"]
[WhiteElo "2203"]
[BlackElo "2094"]
[PlyCount "53"]
[EventDate "2018.08.08"]
[EventType "swiss"]
[EventRounds "9"]
[EventCountry "CAN"]

1. d4 Nf6 2. Nf3 e6 3. e3 c5 4. Bd3 Nc6 5. b3 d5 6. Bb2 Bd6 7. a3 O-O 8. Nbd2
b6 9. O-O Bb7 10. Ne5 Ne7 11. Qe2 Rc8 12. c4 Rc7 13. Rfd1 Qa8 14. cxd5 Nexd5
15. Ndc4 Be7 16. dxc5 Bxc5 17. b4 Be7 18. Rac1 Rfc8 19. e4 b5 20. exd5 bxc4 21.
Rxc4 Bxd5 22. Rh4 h6 23. Rf4 Ne8 24. Qh5 f5 25. Qg6 Nf6 26. g4 Bf3 27. Rxf3 1-0

[Event "CAN-ch U20 op"]
[Site "Toronto CAN"]
[Date "2018.08.11"]
[Round "6.3"]
[White "Xu, Daniel"]
[Black "Rusonik, Max"]
[Result "0-1"]
[WhiteElo "2095"]
[BlackElo "1970"]
[PlyCount "58"]
[EventDate "2018.08.08"]
[EventType "swiss"]
[EventRounds "9"]
[EventCountry "CAN"]

1. e4 e5 2. Nf3 Nc6 3. Bb5 f5 4. d3 fxe4 5. dxe4 Nf6 6. O-O Bc5 7. Qd3 d6 8.
Qc4 Qe7 9. Nc3 Bd7 10. Nd5 Nxd5 11. exd5 Nd4 12. Bxd7+ Qxd7 13. Nxe5 Qf5 14.
Nd3 b5 15. Re1+ Kf7 16. Qc3 Rhe8 17. Be3 Qxd5 18. Nxc5 dxc5 19. Qd3 Rad8 20.
Rad1 Kg8 21. Qf1 Qh5 22. Bxd4 cxd4 23. Qd3 Qd5 24. Rxe8+ Rxe8 25. h3 Rd8 26. c3
Qxa2 27. Qxb5 d3 28. Rxd3 Qb1+ 29. Kh2 Qxd3 0-1

[Event "CAN-ch U20 op"]
[Site "Toronto CAN"]
[Date "2018.08.11"]
[Round "6.4"]
[White "Zhang, Henry"]
[Black "Gao, Raymond"]
[Result "1-0"]
[WhiteElo "2194"]
[BlackElo "1736"]
[PlyCount "65"]
[EventDate "2018.08.08"]
[EventType "swiss"]
[EventRounds "9"]
[EventCountry "CAN"]

1. e4 c5 2. Nf3 d6 3. d4 Nf6 4. Nc3 cxd4 5. Qxd4 a6 6. Bg5 Nc6 7. Qd2 e6 8.
O-O-O Be7 9. Bf4 e5 10. Bg5 Be6 11. Bxf6 gxf6 12. Kb1 Rc8 13. Nd5 Qa5 14. Qxa5
Nxa5 15. Nh4 Rg8 16. h3 Rc6 17. Be2 h5 18. Bxh5 Rh8 19. g4 Rc4 20. f3 Nc6 21.
c3 Nd8 22. Rd2 Bxd5 23. Rxd5 Ne6 24. Nf5 Rc6 25. Rhd1 Kd7 26. Bxf7 Ng5 27. Bh5
Nxf3 28. h4 Rg8 29. R5d3 Nh2 30. Rg3 Rc4 31. Bf7 Rxg4 32. Rxg4 Nxg4 33. Bxc4
1-0

[Event "CAN-ch U20 op"]
[Site "Toronto CAN"]
[Date "2018.08.11"]
[Round "6.5"]
[White "Zheng, Kevin"]
[Black "Singh, Malhar"]
[Result "0-1"]
[WhiteElo "1966"]
[BlackElo "1825"]
[PlyCount "56"]
[EventDate "2018.08.08"]
[EventType "swiss"]
[EventRounds "9"]
[EventCountry "CAN"]

1. d4 d5 2. c4 e6 3. Nc3 c5 4. cxd5 cxd4 5. Qxd4 Nc6 6. Qd1 exd5 7. Nf3 d4 8.
Nb5 Qa5+ 9. Nc3 dxc3 10. bxc3 Nf6 11. Qc2 Bf5 12. Qb2 Ne4 13. Bd2 Bc5 14. e3
O-O 15. Be2 Ba3 16. Qb3 Rad8 17. Rd1 Nc5 18. Qb5 Qxb5 19. Bxb5 Bc2 20. Ra1 Bb2
21. O-O Bxa1 22. Rxa1 a6 23. Bxc6 bxc6 24. Rc1 Be4 25. Nd4 Nd3 26. Rd1 c5 27.
Nb3 Nb2 28. Rb1 Bxb1 0-1

[Event "CAN-ch U20 op"]
[Site "Toronto CAN"]
[Date "2018.08.11"]
[Round "6.6"]
[White "Zhao, Jeffrey Renfei"]
[Black "Bremner, William"]
[Result "1/2-1/2"]
[WhiteElo "2002"]
[BlackElo "2198"]
[PlyCount "80"]
[EventDate "2018.08.08"]
[EventType "swiss"]
[EventRounds "9"]
[EventCountry "CAN"]

1. e4 c6 2. d4 d5 3. Nc3 dxe4 4. Nxe4 Bf5 5. Ng3 Bg6 6. h4 h6 7. h5 Bh7 8. Nf3
Nd7 9. Bd3 Bxd3 10. Qxd3 e6 11. Bd2 Ngf6 12. O-O Be7 13. Rfe1 O-O 14. Rad1 Re8
15. c4 Qc7 16. Bc3 Bd6 17. Ne5 Rad8 18. Qe2 Bf8 19. Qf3 Be7 20. Ne4 Nxe5 21.
Nxf6+ Bxf6 22. dxe5 Be7 23. b3 Rxd1 24. Rxd1 Rd8 25. Rd3 Kf8 26. Kf1 Ke8 27.
Ke2 Qb6 28. Qe4 Rxd3 29. Qxd3 Qa6 30. a4 Qb6 31. Bd4 c5 32. Bb2 Bf8 33. Kd2 Qc6
34. f3 Qb6 35. Kc2 Qa5 36. Bc3 Qc7 37. Kb2 Qc6 38. Kc2 a6 39. Ba5 b6 40. Bc3
Be7 1/2-1/2